<?xml version="1.0" encoding="UTF-8"?>
<record
    xmlns:xsi="http://www.w3.org/2001/XMLSchema-instance"
    xsi:schemaLocation="http://www.loc.gov/MARC21/slim http://www.loc.gov/standards/marcxml/schema/MARC21slim.xsd"
    xmlns="http://www.loc.gov/MARC21/slim">

  <leader>01440nam0a2200361   4500</leader>
  <controlfield tag="001">RU\NLR\bibl\510300</controlfield>
  <controlfield tag="005">20260408192440.0</controlfield>
  <datafield tag="010" ind1=" " ind2=" ">
    <subfield code="a">5-17-021540-1</subfield>
    <subfield code="b">&#x410;&#x421;&#x422;</subfield>
  </datafield>
  <datafield tag="010" ind1=" " ind2=" ">
    <subfield code="a">966-696-352-3</subfield>
    <subfield code="b">&#x421;&#x442;&#x430;&#x43B;&#x43A;&#x435;&#x440;</subfield>
    <subfield code="9">5000</subfield>
  </datafield>
  <datafield tag="021" ind1=" " ind2=" ">
    <subfield code="a">RU</subfield>
    <subfield code="b">2003-74968</subfield>
    <subfield code="9">3707</subfield>
  </datafield>
  <datafield tag="035" ind1=" " ind2=" ">
    <subfield code="a">RSL-KNO-002396569</subfield>
  </datafield>
  <datafield tag="035" ind1=" " ind2=" ">
    <subfield code="a">(NLR Aleph) 000502804</subfield>
  </datafield>
  <datafield tag="090" ind1=" " ind2=" ">
    <subfield code="a">1184196</subfield>
    <subfield code="c">1184196</subfield>
  </datafield>
  <datafield tag="100" ind1=" " ind2=" ">
    <subfield code="a">20040114d2004    |||y0rusy50      ca</subfield>
  </datafield>
  <datafield tag="101" ind1="0" ind2=" ">
    <subfield code="a">rus</subfield>
  </datafield>
  <datafield tag="102" ind1=" " ind2=" ">
    <subfield code="a">RU</subfield>
    <subfield code="a">UA</subfield>
  </datafield>
  <datafield tag="105" ind1=" " ind2=" ">
    <subfield code="a">a   |||||||||</subfield>
  </datafield>
  <datafield tag="106" ind1=" " ind2=" ">
    <subfield code="a">r</subfield>
  </datafield>
  <datafield tag="200" ind1="1" ind2=" ">
    <subfield code="a">&#x419;&#x43E;&#x440;&#x43A;&#x448;&#x438;&#x440;&#x441;&#x43A;&#x438;&#x439; &#x442;&#x435;&#x440;&#x44C;&#x435;&#x440;</subfield>
    <subfield code="e">[&#x41A;&#x43E;&#x440;&#x43C;&#x430; &#x438; &#x43A;&#x43E;&#x440;&#x43C;&#x43B;&#x435;&#x43D;&#x438;&#x435;. &#x421;&#x43E;&#x434;&#x435;&#x440;&#x436;. &#x423;&#x445;&#x43E;&#x434;. &#x420;&#x430;&#x437;&#x432;&#x435;&#x434;&#x435;&#x43D;&#x438;&#x435;. &#x414;&#x440;&#x435;&#x441;&#x441;&#x438;&#x440;&#x43E;&#x432;&#x43A;&#x430;. &#x411;&#x43E;&#x43B;&#x435;&#x437;&#x43D;&#x438; &#x438; &#x43B;&#x435;&#x447;&#x435;&#x43D;&#x438;&#x435;]</subfield>
    <subfield code="f">&#x412;.&#x410;. &#x421;&#x430;&#x432;&#x435;&#x43D;&#x43A;&#x43E;&#x432;&#x430;</subfield>
  </datafield>
  <datafield tag="210" ind1=" " ind2=" ">
    <subfield code="a">&#x41C;.</subfield>
    <subfield code="c">&#x410;&#x421;&#x422;</subfield>
    <subfield code="a">&#x414;&#x43E;&#x43D;&#x435;&#x446;&#x43A;</subfield>
    <subfield code="c">&#x421;&#x442;&#x430;&#x43B;&#x43A;&#x435;&#x440;</subfield>
    <subfield code="d">2004 [&#x442;.&#x435;. 2003]</subfield>
    <subfield code="e">&#x42D;&#x43B;&#x435;&#x43A;&#x442;&#x440;&#x43E;&#x441;&#x442;&#x430;&#x43B;&#x44C;: &#x41A;&#x43D;&#x438;&#x436;. &#x444;-&#x43A;&#x430; N 1</subfield>
  </datafield>
  <datafield tag="215" ind1=" " ind2=" ">
    <subfield code="a">46,[1] &#x441;.</subfield>
    <subfield code="c">&#x438;&#x43B;.</subfield>
    <subfield code="d">20</subfield>
  </datafield>
  <datafield tag="225" ind1="1" ind2=" ">
    <subfield code="a">&#x412; &#x432;&#x430;&#x448;&#x435;&#x43C; &#x434;&#x43E;&#x43C;&#x435;</subfield>
  </datafield>
  <datafield tag="300" ind1=" " ind2=" ">
    <subfield code="a">&#x41D;&#x430; &#x43E;&#x431;&#x43B;. &#x430;&#x432;&#x442;. &#x43D;&#x435; &#x443;&#x43A;&#x430;&#x437;&#x430;&#x43D;</subfield>
  </datafield>
  <datafield tag="300" ind1=" " ind2=" ">
    <subfield code="a">&#x41A;&#x43D;. &#x444;&#x430;&#x43A;&#x442;&#x438;&#x447;&#x435;&#x441;&#x43A;&#x438; &#x438;&#x437;&#x434;. &#x432; 2003 &#x433;.</subfield>
  </datafield>
  <datafield tag="606" ind1=" " ind2=" ">
    <subfield code="a">&#x419;&#x43E;&#x440;&#x43A;&#x448;&#x438;&#x440;&#x441;&#x43A;&#x438;&#x435; &#x442;&#x435;&#x440;&#x44C;&#x435;&#x440;&#x44B;</subfield>
    <subfield code="3">RU\NLR\auth\661300508</subfield>
    <subfield code="9">2160959</subfield>
  </datafield>
  <datafield tag="686" ind1=" " ind2=" ">
    <subfield code="a">&#x41F;673.39&#x439;&#x43E;&#x440;&#x43A;&#x448;&#x438;&#x440;&#x441;&#x43A;&#x438;&#x439; &#x442;&#x435;&#x440;&#x44C;&#x435;&#x440; &#x44F;9</subfield>
  </datafield>
  <datafield tag="700" ind1=" " ind2="1">
    <subfield code="a">&#x421;&#x430;&#x432;&#x435;&#x43D;&#x43A;&#x43E;&#x432;&#x430;</subfield>
    <subfield code="b">&#x412;. &#x410;.</subfield>
    <subfield code="g">&#x412;&#x438;&#x43A;&#x442;&#x43E;&#x440;&#x438;&#x44F; &#x410;&#x43B;&#x435;&#x43A;&#x441;&#x430;&#x43D;&#x434;&#x440;&#x43E;&#x432;&#x43D;&#x430;</subfield>
    <subfield code="4">070</subfield>
  </datafield>
  <datafield tag="801" ind1=" " ind2="0">
    <subfield code="a">RU</subfield>
    <subfield code="b">RuMoRKP</subfield>
    <subfield code="c">20040114</subfield>
    <subfield code="g">PSBO</subfield>
  </datafield>
  <datafield tag="801" ind1=" " ind2="1">
    <subfield code="a">RU</subfield>
    <subfield code="b">RuMoRKP</subfield>
    <subfield code="c">20040114</subfield>
  </datafield>
  <datafield tag="801" ind1=" " ind2="2">
    <subfield code="a">RU</subfield>
    <subfield code="b">NLR</subfield>
    <subfield code="c">20040412</subfield>
    <subfield code="g">PSBO</subfield>
  </datafield>
  <datafield tag="942" ind1=" " ind2=" ">
    <subfield code="c">BOOK</subfield>
  </datafield>
  <datafield tag="980" ind1=" " ind2=" ">
    <subfield code="a">NB</subfield>
  </datafield>
  <datafield tag="995" ind1=" " ind2=" ">
    <subfield code="5">2004-04-12</subfield>
    <subfield code="a">ad</subfield>
    <subfield code="b">NLR01</subfield>
    <subfield code="c">NLR01</subfield>
    <subfield code="e">RF3</subfield>
    <subfield code="f">669482</subfield>
    <subfield code="k">2004-4/7750</subfield>
    <subfield code="o">0</subfield>
    <subfield code="r">BOOK</subfield>
    <subfield code="s">200447750_</subfield>
  </datafield>
  <datafield tag="995" ind1=" " ind2=" ">
    <subfield code="5">2004-04-12</subfield>
    <subfield code="a">ad</subfield>
    <subfield code="b">NLR01</subfield>
    <subfield code="c">NLR01</subfield>
    <subfield code="e">RF3</subfield>
    <subfield code="f">669483</subfield>
    <subfield code="k">2004-4/7750</subfield>
    <subfield code="o">0</subfield>
    <subfield code="r">BOOK</subfield>
    <subfield code="s">200447750_</subfield>
  </datafield>
</record>
